|
|
|
|
| LEADER |
00000nam a2200000 i 4500 |
| 001 |
DIGEDUFV0001 |
| 003 |
NyNyDIG |
| 006 |
m o d |
| 008 |
210118s2018 sp a o 000 0 spa d |
| 007 |
cr ||||||||||| |
| 035 |
|
|
|a (OCoLC)1232109406
|
| 040 |
|
|
|a DGITA
|b eng
|e rda
|e pn
|c DGITA
|
| 020 |
|
|
|a 9788416552610
|q edición digital
|
| 020 |
|
|
|a 8416552614
|q edición digital
|
| 020 |
|
|
|z 9788489552647
|q edición impresa
|
| 020 |
|
|
|z 8489552649
|q edición impresa
|
| 043 |
|
|
|a a-is---
|
| 050 |
1 |
4 |
|a BX2320.5.P19 ebook
|
| 082 |
0 |
4 |
|a 263.0425694
|
| 100 |
1 |
|
|a Antuñano Alea, Salvador,
|e author.
|
| 245 |
0 |
0 |
|a Tras las huellas de Dios en la historia :
|b cuaderno de viaje de peregrinos a Tierra Santa /
|c Salvador Antuñano Alea, Florencio Sánchez Soler.
|
| 264 |
|
1 |
|a Madrid :
|b Editorial Universidad Francisco de Vitoria, UFV,
|c [2018]
|
| 300 |
|
|
|a 1 online resource :
|b color illustrations.
|
| 336 |
|
|
|a text
|b txt
|2 rdacontent
|
| 337 |
|
|
|a computer
|b c
|2 rdamedia
|
| 338 |
|
|
|a online resource
|b cr
|2 rdacarrier
|
| 347 |
|
|
|a text file
|2 rdaft
|
| 347 |
|
|
|b PDF
|
| 588 |
0 |
|
|a Online resource; title from PDF title page (Digitalia, viewed January 20, 2021)
|
| 650 |
|
0 |
|a Christian pilgrims and pilgrimages
|z Palestine.
|
| 630 |
0 |
0 |
|a Bible.
|p Gospels
|v Meditations.
|
| 655 |
|
0 |
|a Electronic books.
|
| 700 |
1 |
|
|a Sánchez, Florencio,
|e author.
|
| 791 |
2 |
|
|a Digitalia (Firm),
|e distributor.
|
| 793 |
0 |
|
|g Digitalia eBook Collection:
|a Editorial Universidad Francisco de Vitoria
|
| 776 |
0 |
8 |
|i Print version:
|a Antuñano Alea, Salvador.
|t Tras las huellas de Dios en la historia.
|d Madrid : Editorial Universidad Francisco de Vitoria, ©2018
|z 9788489552647
|
| 830 |
|
0 |
|a Colección Instituto John Henry Newman ;
|v No. 7.
|
| 856 |
4 |
0 |
|3 Digitalia Hispánica
|u https://www.digitaliapublishing.com/a/61836/
|
| 910 |
|
|
|a Premium Collection: 2021
|